000 05908nam a2200517Ia 4500
001 dia_6688
003 CHAP
005 20240719104936.0
007 ta
008 220601s2017 mx do frm 001 0 spa d
040 _amxchpua
_cCHAP
041 0 _aspa
_beng
090 _aTesis
_bG377
_c2017
100 1 _aGarcía Solís, Dora Guadalupe
240 1 0 _aCold-storage and antifungal coating in mango child (Mangifera indica L.) Ataulfo variety.
_lEspañol
245 1 0 _aFrigoconservación y recubrimiento antifúngico en mango niño (Mangifera indica L.) variedad Ataulfo /
_cDora Guadalupe García Solís
264 _aChapingo, México :
_bEl autor,
_c2017
300 _ax, 76 hojas :
_bgráficas, tablas, fotos +
_e1 CD-ROM
336 _2rdacontent
_atexto
_btxt
337 _2rdamedia
_ano mediado
_bn
338 _2rdacarrier
_avolumen
_bnc
500 _aEl CD contiene reporte
502 _aTesis
_b(Ingeniero Agroindustrial) --
_cUACh. Departamento de Ingeniería Agroindustrial,
_d2017
504 _aBibliografía: hojas 66-75
520 3 _aLos frutos de mango niño variedad 'Ataulfo' son considerados como frutos climatéricos de buenas características sensoriales. Su producción se ha incrementado a consecuencia del cambio climático, y con ello, su demanda; sin embargo, son frutos altamente perecederos y muy susceptibles a daño por patógenos. Las principales pérdidas poscosecha se deben al deterioro causado por antracnosis y daños por frío. La aplicación de recubrimientos comestibles es considerada como una alternativatecnológica que permite mejorar las características fisiológicas y sensoriales de las frutas y prolongar su periodo poscosecha. En el presente trabajo se evaluaron los efectos antifúngicos y fisiológicos de un recubrimiento de quitosano adicionado con aceite esencial de mandarina (Citrus reticulata) en mango niño 'Ataulfo' previamente inoculado con C. gloeosporioides y posteriormente refrigerados. Las variables evaluadas en los frutos fueron: color de la pulpa y de la cáscara, pH, ºBrix, firmeza, acidez titulable (AT), respiración, producción de etanol y acetaldehído, pérdida de peso (%) y daño por antracnosis. Se realizó un análisis de varianza (ANOVA) bajo un diseño factorial 23, donde los tres factores y sus dos niveles fueron A: temperatura de almacenamiento (22 y 10 °C), B: Recubrimiento (con recubrimiento R+ y sin recubrimiento R-) y C: Inoculación con C. gloeosporioides (Inoculado I+ y no inoculado I-). Se realizó comparación de medias Tukey (?=0.05). Los frutos con recubrimiento mantuvieron valores de firmeza altos y retardaron el cambio de coloración de la epidermis y de la pulpa. Los ºBrix, la acidez titulable, la pérdida de peso y la tasa respiratoria de los frutos con recubrimiento fueron significativamente menores respecto a los frutos sin recubrimiento. Después de permanecer 16 d en refrigeración y 5 d al medio ambiente, los frutos con recubrimiento completaron el proceso de maduración y no presentaron daños por frío. El daño por antracnosis se inhibió en frutos refrigerados y con recubrimiento a los 10 d de almacenamiento. --
520 3 _aThe fruit of mango child variety 'Ataulfo' are considered as climacteric fruit with good sensory characteristics. Its production has increased as a result of climate change, and with it, its demand; however, they are highly perishable fruits and very susceptible to damage by pathogens. The main post-harvest losses are due to deterioration caused by anthracnose and cold weather damage. The application of edible coatings is considered as a technological alternative that allows improving the physiological and sensory characteristics of fruits and prolonging their post-harvest period. In the present work the antifungal and physiological effects of a coating of chitosan added with mandarin essential oil (Citrus reticulata) in mango child 'Ataulfo' previously inoculated with C. gloeosporioides and later refrigerated were evaluated. The variables evaluated in the fruit were: pulp and skin color, pH, ºBrix, firmness, titratable acidity (AT), respiration, ethanol and acetaldehyde production, weight loss (%) and anthracnose damage. An analysis of variance (ANOVA) was carried out under a factorial 23, where the three factors and their two levels were A: storage temperature (22 and 10 ° C), B: Coating (with R+ coating and without coating R-) and C: Inoculation with C. gloeosporioides (Inoculated I+ and not inoculated I-). Tukey mean comparison was performed (p?0.05). The coated fruit maintained high firmness values and delayed the change of coloration of the epidermis and pulp. The ºBrix, the titratable acidity, the weight loss and the respiratory rate of the coated fruit were significantly lower compared to uncoated fruit. After remaining 16 d in refrigeration and 5 d at room temperature, the coated fruit completed the ripening process and did not show any damage by cold temperature. Anthracnose damage was inhibited in refrigerated and coated fruits up to 16 d of storage.
650 1 3 _aMangos
_2atg
_xQuitosán
_xPreservación de alimentos
650 1 3 _aCalidad del producto
_2atg
650 1 3 _aPelícula comestible
_2atg
650 1 3 _aAlimentos refrigerados
_2atg
650 1 3 _aMangoes
_xChitosan
_xFood preservation
_2atg
650 1 3 _aProduct quality
_2atg
650 1 3 _aEdible films
_2atg
650 1 3 _aChilled foods
_2atg
700 1 _aCorrales García, José Joel Enrique
_edirector
700 1 _aLanda Salgado, Patricia
_easesora
700 1 _aEsparza Torres, Félix
_easesor
856 4 1 _uhttp://10.13.5.2/tesis/sist114469.pdf
_yDESCARGAR PDF
901 _aTESIS G377 2017
902 _aM
905 _a5232272017 mx dnml8223123322spa16
942 _cTESIS
_2Clasificación Universidad Autónoma Chapingo
999 _c209691
_d209691